| 000 | 00375nam a2200121Ia 4500 | ||
|---|---|---|---|
| 008 | 250110s9999 xx 000 0 und d | ||
| 041 | _aeng | ||
| 100 | _aYadkikar Devika | ||
| 245 | _aChecking The Feasibility Of Onshore Wind Farms For Urban Centers : Case Of Pune City | ||
| 260 |
_bM Arch Environment BNCA, Pune _c2016 |
||
| 300 | _a62p | ||
| 700 |
_aGuide Name:BNCA _9210541 |
||
| 999 |
_c363733 _d363733 |
||